Bersaing

Bibliographic Details
Main Author: Shafinaz Shahidun
Format: Book
Published: Selangor : Express Education , 2008
Series:Siri akhlak mulia
Subjects:

MARC

LEADER 00000cam a2200000 7i4500
001 0000032968
005 20151222.0
008 120712
020 |a 9833898718 (Set) 
020 |a 9833898817 
090 0 0 |a JF   |b MOR MAL 
100 0 |a Shafinaz Shahidun 
245 1 0 |a Bersaing   |c Shafinaz Shahidun 
260 |a Selangor :   |b Express Education ,   |c 2008 
440 |a Siri akhlak mulia 
500 |a Children ages 7-9 years old (orange) 
650 0 |a Moral conditions in literature 
999 |a 0001043763   |b Book   |c Children Collection   |e Cawangan Kota Tinggi 
999 |a 0001136686   |b Book   |c Children Collection   |e Perbadanan Perpustakaan Awam Johor 
999 |a 0001136687   |b Book   |c Children Collection   |e Perbadanan Perpustakaan Awam Johor